000 00658nam a2200217Ia 4500
005 20241129104230.0
008 241129s9999||||xx |||||||||||||| ||und||
020 _a9781626251205
037 _aTextual
040 _aRTL
_beng
_cRTL
041 _aeng
_2eng
084 _aS8:12 Q5
_qRTL
100 _aKorb Alex
_9725346
245 0 _aUpward spiral: Using neuroscience to reverse the course of depression one small change at a time
_cKorb Alex
260 _aCalifornia
_bNew Harbinger Publications
_c2015
300 _aviii,225p.
365 _aINR
_b1584.6
650 _aDepression
942 _cTB
_hS8:12 Q5
999 _c1224985
_d1224985